000 00714nam a2200241Ia 4500
003 OSt
005 20220923224944.0
006 a|||||r|||| 00| 0
007 ta
008 220922b |||||||| |||| 00| 0 hin d
024 _a254,244
037 _cTextual
040 _aARTS
_cARTS
_bhin
041 _2hin
_ahin
082 _aO152,3N292,GP, M5
100 _aसिंह, बज्र नारायण
_9158683
245 0 _aगृह प्रवेश
246 _aGṛuh pravesha
260 _c1985
650 _aहिन्दी साहित्य
_9156264
942 _hO152,3N292,GP, M5
_cTEXL
_2CC
999 _c374957
_d374957